Govt. of
Madhya Pradesh

स्‍वतंत्रता संग्राम (Record no. 64997)

MARC details
000 -LEADER
fixed length control field 00382nam a2200109Ia 4500
008 - FIXED-LENGTH DATA ELEMENTS--GENERAL INFORMATION
fixed length control field 221009s9999 xx 000 0 und d
082 ## - DEWEY DECIMAL CLASSIFICATION NUMBER
Classification number 954
100 ## - MAIN ENTRY--PERSONAL NAME
Personal name श्रीवास्‍तव, रामसेवक
9 (RLIN) 63092
245 #0 - TITLE STATEMENT
Title स्‍वतंत्रता संग्राम
260 ## - PUBLICATION, DISTRIBUTION, ETC. (IMPRINT)
Name of publisher, distributor, etc. नेशनल बुक ट्रस्‍ट इंडिया
942 ## - ADDED ENTRY ELEMENTS (KOHA)
Koha item type Books

No items available.